00444nam a2200133Ia 4500008004100000041001200041082001500053245004300068260000900111650000900120942000700129999001500136952015900151221030s9999 xx 000 0 und d aEnglish a105.23bBE 0aWireless Digital CommunicationbFLOPPY c2002 aBook cCD c3051d3051 pFloppy 5190l0o105.23 BEr2022-10-30 00:00:00w2022-10-30yCD003Soft Copy4070aMIETLIBbMIETLIBcBL-First, FL-1, CUP-21, SH-0, R-0d2007-04-2610HBE